000 00514nam a2200145 a 4500
008 120416s1964 ||||||||||||||||| || u
050 _aHD 6857 Lyn
100 _aLynd, G. E
245 1 4 _aThe politics of African trade unionism
260 _aNew York
_bPraeger
_c1964
350 _a0.00
650 _aLABOUR UNIONS--POLITICAL ASPECTS--AFRICA
650 _aLABOUR
995 _D0.00
_FCBU-MAIN LIBRARY (Kitwe)
_H1
_I0.00
_M1
_UAVAILABLE
_ZMain Library Open Access Collection
999 _c53942
_d53942